| 000 | 00884nam a22002175i 4500 | ||
|---|---|---|---|
| 001 | 162301 | ||
| 003 | ES-MaACL | ||
| 005 | 20250725063223.0 | ||
| 008 | 000208s1856 fr |||| | grc d | ||
| 040 |
_aCCPB | B _bspa _cCCPB | B |
||
| 100 | 0 |
_aPlutarco _992678 |
|
| 245 | 1 | 0 |
_aPlutarchi scripta moralia _b: graece et latine / _cex codicibus quos possidet regia bibliotheca omnibus ab Kont cum reiskiana editione collatis emendavit Fredericus Dübner. |
| 260 |
_aParisiis : _beditore Ambrosio Firmin Didot, _c1856 ( _fExcudebant Firmin Didot Frates) |
||
| 300 |
_a2 v. ; _c26 cm. |
||
| 490 | 1 |
_aPlutarchi operum ; _v3 ; 4 |
|
| 594 | _aTexto paralelo en griego y latín a dos col. | ||
| 700 | 1 |
_aDübner, Friedrich ( _d1802-1867) _9149228 |
|
| 830 | 0 |
_aPlutarchi operum ; _v3 ; 4 _9222186 |
|
| 852 |
_aES-MaACL _jB-2488-89 _z-- Enc. hol. |
||
| 999 |
_c162301 _d162301 |
||